000 00482cab a2200193 4500
001 WB3411-19
008 090401t1998 xxu||||| |||| 00| 0 eng d
035 _a(Sirsi) u85101
041 _aeng
245 _aBudget 98
260 _c1998
350 _a0
490 _aTimes
_v18 March 1998 (12) LOAN
520 _aSpecial supplement giving detailed coverage of the 1998 Budget.
650 _aBUDGET 1998
690 _aECONOMIC AND SOCIAL
942 _n0
948 _c20/03/1998
999 _c53509
_d53509